Every breath you take

Bibliographic Details
Main Author: Quigley, Sheila
Format: Book
Published: United Kingdom : Arrow Books , 2007
Subjects:

MARC

LEADER 00000cam a2200000 7i4500
001 0000118564
005 20080909.0
020 |a 0099490897 
090 0 0 |a F   |b QUI 
100 1 |a Quigley, Sheila 
245 1 0 |a Every breath you take   |c Sheila Quigley 
260 |a United Kingdom :   |b Arrow Books ,   |c 2007 
300 |a 439p. ;   |c 18cm. 
650 0 0 |a Fiction 
999 |a 00214553   |b BUKU   |c PINJAMAN   |e PERPUSTAKAAN KOMUNITI PETALING JAYA